| 000 | 00661nam a22001817a 4500 | ||
|---|---|---|---|
| 005 | 20251108175140.0 | ||
| 008 | 250721s2011 xx 000 0 ara d | ||
| 082 | 1 | 4 | _aم/614.496/بوج |
| 100 | 1 | _aبوجرة، حسين | |
| 245 | 1 | 0 | _aالطاعون و بدع الطاعون الحراك الاجتماعي في بلاد المغرب بين الفقيه و الطبيب و الأمير (1350-1800) / |
| 264 | 1 |
_aبيروت : _bمركز الدراسات الوحدة العربية، _c2011. |
|
| 300 | _a751ص. | ||
| 650 | 1 | 7 | _aالطاعون |
| 650 | 1 | 7 | _aالمغرب العربي |
| 650 | 1 | 7 | _aالتاريخ |
| 942 |
_2ddc _cREF |
||
| 999 |
_c127320 _d127320 |
||